Countries of Asia by Size - Normal Difficulty - Statistics

General Stats
  • This quiz has been taken 44 times
  • The average score is 35 of 48
Answer Stats
Size (sq km) Population Country % Correct
9,615,222 1,452,218,082 China
100%
3,287,263 1,411,944,971 India
100%
2,544,900 19,200,000 Kazakhstan
97%
881,913 229,785,000 Pakistan
91%
652,230 42,523,418 Afghanistan
89%
1,502,029 278,462,000 Indonesia
89%
1,648,195 88,000,000 Iran
89%
1,564,110 3,029,000 Mongolia
89%
2,149,690 35,849,000 Saudi Arabia
89%
676,578 54,486,253 Myanmar
86%
759,592 85,214,000 Turkey
86%
377,930 124,891,000 Japan
80%
513,120 70,100,000 Thailand
80%
447,400 35,283,000 Uzbekistan
80%
438,317 44,575,000 Iraq
77%
753 5,541,000 Singapore
77%
488,100 5,302,000 Turkmenistan
77%
527,968 31,100,000 Yemen
77%
36,193 25,055,000 Taiwan
71%
780 1,381,000 Bahrain
69%
22,072 9,000,000 Israel
69%
330,803 34,032,000 Malaysia
69%
300 454,914 Maldives
69%
300,000 115,699,395 Philippines
69%
331,212 99,100,000 Vietnam
69%
148,460 171,200,000 Bangladesh
66%
5,765 421,000 Brunei
66%
181,035 17,040,000 Cambodia
66%
9,251 1,223,916 Cyprus
66%
14,874 1,645,000 East Timor
66%
67,272 3,730,000 Georgia
66%
236,800 7,500,000 Laos
66%
10,452 6,288,000 Lebanon
66%
120,538 26,180,000 North Korea
66%
309,500 4,181,000 Oman
66%
11,586 2,113,000 Qatar
66%
100,210 51,617,000 South Korea
66%
65,610 23,480,000 Sri Lanka
66%
29,843 3,005,000 Armenia
63%
79,640 10,000,000 Azerbaijan
63%
199,951 6,543,000 Kyrgyzstan
63%
17,818 4,161,000 Kuwait
60%
185,180 19,541,000 Syria
60%
143,100 10,000,000 Tajikistan
60%
83,600 10,100,000 United Arab Emirates
60%
38,394 760,000 Bhutan
57%
89,342 11,837,000 Jordan
57%
147,516 30,200,000 Nepal
57%
No matching quizzes found
Score Distribution
Percent of People with Each Score
Percentile by Number Answered
Your Score History
You have not taken this quiz